LEADER 01131nam a2200253 i 4500 001 000000073982 003 CaOOAMICUS 005 20260424102435.0 008 070402s1924 it u000 u ita u 040 $aSeMil$bita 100 1 $aCarlyle, Thomas,$d<1795-1881>.$0(OLS)http://semarc/name/89682 245 10$aSartor Resartus :$bil sarto rappezzato /$cTommaso Carlyle ; traduzione e note di F. e G. Chimenti. 250 $a3. ed. interamente riveduta. 264 1$aBari :$bLaterza & Figli,$c1924. 300 $aXVI, 302 p., [1] p. di ritratto ;$c21 cm. 490 1 $aBiblioteca di cultura moderna ;$v15 700 1 $aChimenti, Francesco.$0(OLS)http://semarc/name/36714 700 1 $aChimenti, Giacinto.$0(OLS)http://semarc/name/36715 830 0$aBiblioteca di cultura moderna ;$v15.$0(OLS)http://semarc/title/639 850 $aSeMil 852 $aSeMil$W1$xVenegono$y1$m1T I 25$j270849$B40134$CSeMilBibl$Z2$F40138 $81 996 $6245$aSartor Resartus :$bil sarto rappezzato$9(OLS)http://semarc/title/120030 996 $6264$aBari :$bLaterza & Figli$9(OLS)http://semarc/publisher/29663